Tim Curry Movies Quiz Stats

 Plays Quiz not verified by Sporcle

Challenge
Share
Tweet
Embed
Score 0/38 Timer 10:00
0 Plays Today
Year Movie % Correct
1975Rocky Horror Picture Show
89.3%
1990Stephen King's 'It'
74.6%
1985Clue
68.2%
1992Home Alone 2 Lost in New York
61%
1996Muppet Treasure Island
55.8%
1997A Christmas Carol
52.6%
1985Legend
50.9%
1982Annie
44.5%
2002Wild Thornberry's Movie
43.1%
1993Three Musketeers
42.8%
1992Ferngully the Last Rainforest
41.3%
1998Addams Family Reunion
37.6%
2001Scary Movie 2
31.2%
1998Rugrats Movie
30.9%
2000Rugrats in Paris
30.9%
1995Congo
26.6%
1990Hunt for Red October
26%
2003Rugrats Go Wild
22%
1991Oscar
22%
Year Movie % Correct
2000Charlie's Angels
22%
1995Pebble and the Penguin
22%
1997Beauty and the Beast 2
21.1%
1994Shadow
16.5%
1993Loaded Weapon 1
15.3%
1980Times Square
13%
1997McHale's Navy
11.6%
1988Pass the Ammo
9%
2004Kinsey
8.4%
1983Ploughman's Lunch
8.4%
1999Pirates of the Plain
7.8%
2008Secret of Moonacre
6.9%
2010Burke and Hare
5.8%
1992Passed Away
5.8%
2009Curious George 2 Follow that Monkey
5.5%
1996Lover's Knot
5.5%
2001Blood Moon
4.9%
2000Four Dogs Playing Poker
4.3%
2000Lion of Oz
3.2%

You're not logged in!

Compare scores with friends on all Sporcle quizzes.
Join for Free
OR
Log In

You Might Also Like...

Show Comments

Extras

Top Quizzes Today


Score Distribution

Your Account Isn't Verified!

In order to create a playlist on Sporcle, you need to verify the email address you used during registration. Go to your Sporcle Settings to finish the process.

Report this User

Report this user for behavior that violates our Community Guidelines.

Details: